[Event "GER-chT U12"]
[Site "Schney"]
[Date "2013.12.28"]
[Round "3.4"]
[White "Seidenberger, Florian"]
[Black "Fuhrmann, Aeke"]
[Result "0-1"]
[WhiteElo "810"]
[BlackElo "1423"]
[PlyCount "60"]
[EventDate "2013.12.27"]
[EventType "team-swiss"]
[EventRounds "7"]
[EventCountry "GER"]
[SourceTitle "EXT 2015"]
[Source "ChessBase"]
[SourceDate "2014.11.20"]
[SourceVersion "1"]
[SourceVersionDate "2014.11.20"]
[SourceQuality "1"]
[WhiteTeam "Freising"]
[BlackTeam "Hamburger SK"]
[WhiteTeamCountry "GER"]
[BlackTeamCountry "GER"]

1. d4 d6 2. c4 Nf6 3. Nf3 g6 4. Nc3 Bg7 5. g3 0-0 6. Bg2 c5 7. d5 Nbd7 8. 0-0 Nb6 9. b3 Ne4 10. Nxe4 Bxa1 11. Bh6 Bg7 12. Bxg7 Kxg7 13. Nfg5 Bf5 14. Qc2 Nd7 15. Qb2+ Nf6 16. Nxf6 exf6 17. Rc1 Kg8 18. Ne4 Bxe4 19. Bxe4 Re8 20. Bf3 Rb8 21. e4 Qe7 22. Bg2 Qe5 23. Qe2 f5 24. f3 fxe4 25. fxe4 f5 26. Re1 Re7 27. a4 Rbe8 28. Bf3 fxe4 29. Qxe4 Qxe4 30. Rxe4 Rxe4 0-1

[Event "GER-chT North U12"]
[Site "Magdeburg"]
[Date "2013.09.13"]
[Round "3.2"]
[White "Fuhrmann, Aeke"]
[Black "Behme, Elias"]
[Result "1/2-1/2"]
[WhiteElo "1145"]
[BlackElo "1377"]
[PlyCount "150"]
[EventDate "2013.09.12"]
[EventType "team-swiss"]
[EventRounds "7"]
[EventCountry "GER"]
[SourceTitle "EXT 2014"]
[Source "ChessBase"]
[SourceDate "2013.11.20"]
[SourceVersion "1"]
[SourceVersionDate "2013.11.20"]
[SourceQuality "1"]
[WhiteTeam "Hamburger SK"]
[BlackTeam "Peine"]
[WhiteTeamCountry "GER"]
[BlackTeamCountry "GER"]

1. e4 c5 2. Nf3 Nc6 3. d4 cxd4 4. Nxd4 Nf6 5. Nc3 e5 6. Nf3 Bb4 7. Bg5 h6 8. Bh4 Qa5 9. Bxf6 Bxc3+ 10. bxc3 Qxc3+ 11. Nd2 gxf6 12. Bd3 d6 13. 0-0 Rg8 14. Re1 Nd4 15. Re3 Qc5 16. Nb3 Nxb3 17. axb3 Bg4 18. Be2 Bxe2 19. Qxe2 Ke7 20. Qd2 Rac8 21. c4 a6 22. Rd3 Rg6 23. Rd5 Qb6 24. Rd3 Rd8 25. Qa5 Qxa5 26. Rxa5 Rdg8 27. g3 Rd8 28. Rad5 b6 29. b4 Rc8 30. Rc3 Rgg8 31. c5 bxc5 32. bxc5 dxc5 33. Rdxc5 Rxc5 34. Rxc5 Kd6 35. Ra5 Ra8 36. Kg2 Ke6 37. g4 Ke7 38. Kg3 Kf8 39. Kh4 Kg7 40. Kh5 Ra7 41. h4 Ra8 42. g5 hxg5 43. hxg5 Ra7 44. Kg4 Kg6 45. gxf6 Kxf6 46. f4 exf4 47. Kxf4 Ke6 48. e5 Ra8 49. Ke4 Ra7 50. Kf4 f6 51. exf6 Kxf6 52. Ke4 Ke6 53. Kd4 Kd6 54. Kc4 Kc6 55. Kb4 Kb6 56. Ka4 Rd7 57. Rf5 Rd4+ 58. Ka3 Rd1 59. Kb2 Rd8 60. Kb3 Rb8 61. Rf4 Ka5+ 62. Ka3 Rb5 63. Rf6 Re5 64. Rf3 Kb5 65. Rb3+ Ka5 66. Rb1 Rb5 67. Rb3 Rd5 68. Rb1 Rd3+ 69. Rb3 Rd4 70. Ka2 Ka4 71. Rb2 a5 72. Rb1 Rd2+ 73. Rb2 Rd4 74. Rb1 Rb4 75. Rb2 Rc4 1/2-1/2